ASOMIYA SAHITYAT DRISTIPAT (Record no. 10251)
[ view plain ]
| 000 -LEADER | |
|---|---|
| fixed length control field | 00411cam a2200169ua 4500 |
| 008 - FIXED-LENGTH DATA ELEMENTS--GENERAL INFORMATION | |
| fixed length control field | 141111n II |||gr||||Z||||||asm |
| 040 ## - CATALOGING SOURCE | |
| Original cataloging agency | MAIN |
| 041 ## - LANGUAGE CODE | |
| -- | English |
| 082 ## - DEWEY DECIMAL CLASSIFICATION NUMBER | |
| Classification number | 891.451 SHA |
| 100 ## - MAIN ENTRY--PERSONAL NAME | |
| Personal name | SHARMA, HEMANTA KUMAR. |
| 245 ## - TITLE STATEMENT | |
| Title | ASOMIYA SAHITYAT DRISTIPAT |
| 260 ## - PUBLICATION, DISTRIBUTION, ETC. | |
| Place of publication, distribution, etc. | GUWAHATI: |
| Name of publisher, distributor, etc. | BINA LIBRARY, |
| Date of publication, distribution, etc. | 1997. |
| 300 ## - PHYSICAL DESCRIPTION | |
| Extent | 400.: |
| Dimensions | 22CM. |
| 942 ## - ADDED ENTRY ELEMENTS (KOHA) | |
| Koha item type | Books |
| 653 ## - INDEX TERM--UNCONTROLLED | |
| Uncontrolled term | ASSAMESE LITERATURE |
| Withdrawn status | Lost status | Damaged status | Not for loan | Collection code | Home library | Current library | Shelving location | Date acquired | Full call number | Barcode | Date last seen | Copy number | Price effective from | Koha item type | Public note |
|---|---|---|---|---|---|---|---|---|---|---|---|---|---|---|---|
| TBASM | Central Library and Information Centre Sibsagar Girls College | Central Library and Information Centre Sibsagar Girls College | ASSAMESE BOOK RACK | 24.04.2002 | 891.451 SHA | 17049 | 27.02.2020 | 1 | 27.02.2020 | Books | v | ||||
| Withdrawn | TBASM | Central Library and Information Centre Sibsagar Girls College | Central Library and Information Centre Sibsagar Girls College | Staff Office | 24.04.2002 | 891.451 SHA | 17050 | 27.02.2020 | 2 | 27.02.2020 | Books | V |